The Examination of Fragmental Rocks /
Na minha lista:
| Autor principal: | |
|---|---|
| Formato: | Livro |
| Idioma: | inglês |
| Publicado em: |
California, EUA :
Stanford University,
1939
|
| Assuntos: | |
| Tags: |
Sem tags, seja o primeiro a adicionar uma tag!
|
MARC
| LEADER | 00000nam^a2200000^a^4500 | ||
|---|---|---|---|
| 001 | 000014107 | ||
| 005 | 20250521000000.0 | ||
| 009 | 20260310083927.698 | ||
| 037 | |a Acervo ITESO - Biblioteca | ||
| 041 | |a ING | ||
| 082 | |a 549. |b TIC | ||
| 100 | |a Tickell, Frederick |e (autor) | ||
| 245 | 1 | 4 | |a The Examination of Fragmental Rocks / |c F. Tickell. |
| 264 | 1 | |a California, EUA : |b Stanford University, |c 1939 | |
| 300 | |a 154 p. | ||
| 336 | |a texto |b txt |2 rdacontenido | ||
| 337 | |a sin mediación |b n |2 rdamedio | ||
| 338 | |a volumen |b nc |2 rdasoporte | ||
| 649 | |a XX | ||
| 650 | |a Mineralogía | ||
| 650 | |a Geología | ||
| 910 | |a Fondo General | ||
| 920 | |a Impresos - Libros | ||
| 930 | |a Colección General | ||
| 905 | |a 101 | ||
| 901 | |a 0141070100 |b IT1 |c ACC |i 014107 |u 20250521 | ||
| 902 | |a https://opac.biblio.iteso.mx/vufind/Record/000014107 | ||